004170000a220010900045001000025000002450080000253000058001057730029001639420008001929520090002009990017002901 aOrtiz Hurtado, Jaime10aThe evangelical option : Colombian leaders tell evangelicals, "we need you" aVol. 72, Num. 3 (Julio-Septiembre, 1993), Página 110 tLatin America Evangelist cANA 001040708HEMaFUSBCbFUSBCd2016-01-26l0o r2016-01-26 00:00:00w2016-01-26yANA c54646d54646